|
|
|
|
| LEADER |
00728naa a2200205 i 4500 |
| 001 |
publ23591 |
| 005 |
20220214091215.0 |
| 008 |
220214s2021 hu o 0|| Magyar d |
| 020 |
|
|
|a 9786155710872
|
| 024 |
7 |
|
|a 32059575
|2 mtmt
|
| 040 |
|
|
|a SZTE Publicatio Repozitórium
|b hun
|
| 041 |
|
|
|a Magyar
|
| 100 |
1 |
|
|a Görög Márta
|
| 245 |
1 |
2 |
|a A haszonbérleti szerződés
|h [elektronikus dokumentum] /
|c Görög Márta
|
| 260 |
|
|
|a Magyar Közlöny Lap- és Könyvkiadó Kft.
|b Budapest
|c 2021
|
| 300 |
|
|
|a 6
|
| 300 |
|
|
|a 1932-1937
|
| 490 |
0 |
|
|a 2013. évi V. törvény a Polgári Törvénykönyvről kommentárja
|
| 650 |
|
4 |
|a Jogtudomány
|
| 856 |
4 |
0 |
|u http://publicatio.bibl.u-szeged.hu/23591/7/32059575_publikacio.pdf
|z Dokumentum-elérés
|